000 00798nam0a22002531 4500
001 rc\3034440
005 20250806201729.0
035 _a(NLR Aleph) 007175145
090 _a14336
_c14336
100 _a20111003d1942 u y0rusy50 ca
101 0 _arus
102 _aRU
105 _ay z |||||
200 1 _aПесня смелых
_e[Стихи]
_fАлексей Сурков
210 _aТашкент
_cСоветский писатель
_d1942
215 _a29, [3] с.
_d13 см
700 1 _aСурков
_bА. А
_f1899-1983
_gАлексей Александрович
801 0 _aRU
_bNLR
_gpsbo
801 1 _aRU
_bELAR
_2rusmarc
852 _aNLR
_bЛ
_j30 Г-2/286
942 _cBOOK
945 _aРоссийская национальная библиотека
980 _aNB
980 _aBV